000 00871nam a22001457a 4500
008 120618t xxu||||| |||| 00| 0 eng d
020 _a0070004994
082 _aHV9950.AD353
100 _aAdier, Freda
245 _aCriminal justice: the core. /
_cFreda Adler
260 _aBoston,
_bMcGraw-Hill
_c1996
300 _axix,404 p.:
_c25cm.
505 _aContents: The Universe of crime and justice -- Crime and criminals -- History and organization of the police -- Police functions -- Police officers and their lifestyles -- The Origin and role of the courts -- Lawyers and judges -- Prosecution and adjudication -- Sentencing -- Corrections:yesterday and today -- Institutional corrections -- Alternatives: community corrections -- Juvenile justice -- Appendix: The Constitution of the United States of America -- Glossary -- Acknowledgements -- Indexes.
942 _2lcc
_cBK
999 _c1406
_d8906